000
00280nam a2200109Ia 4500
008
190216s9999||||xx |||||||||||||| ||und||
100
_a
Walter Ledermans
245
0
_a
Introduction To The Theory Of Finite Groups
260
_b
Oliver And Boyd
650
_a
Mathematics
942
_c
BK
999
_c
30412
_d
30412